书目信息 |
| 题名: |
作物胚胎学
|
|
| 作者: | 赵世绪 编著 | |
| 分册: | ||
| 出版信息: | 北京 农业出版社 1982 |
|
| 页数: | 227页 | |
| 开本: | 19cm | |
| 丛书名: | ||
| 单 册: | ||
| 中图分类: | S311 , Q944.4 | |
| 科图分类: | ||
| 主题词: | 作物-胚胎学 , 胚胎学-作物 , 植物学:形态学 | |
| 电子资源: | ||
| ISBN: | ||
| 000 | 00692nam0 2200277 45 | |
| 001 | 0182010337 | |
| 005 | 20040525102411.1 | |
| 010 | @dCNY0.77 | |
| 091 | @a16144.1867 | |
| 100 | @a19950509d1982 em y0chiy0121 ea | |
| 101 | 0 | @achi |
| 102 | @aCN@b110000 | |
| 105 | @ay z 000yy | |
| 106 | @ar | |
| 200 | 10 | @a作物胚胎学@Azuo wu pei tai xue@f赵世绪编著 |
| 210 | @a北京@c农业出版社@d1982 | |
| 215 | @a227页@d19cm | |
| 606 | @a作物-胚胎学 | |
| 606 | @a胚胎学-作物 | |
| 606 | 0 | @a植物学:形态学 |
| 690 | @aS311@v3 | |
| 690 | @aQ944.4 | |
| 701 | 0 | @a赵世绪@Azhao shi xu@4编著 |
| 801 | 0 | @aCN@b上海图书馆@c20040525 |
| 801 | 2 | @aCN@bNLC@c20040525 |
| 905 | @f1@b168673@dQ944.4@e18 | |
| 作物胚胎学/赵世绪编著.-北京:农业出版社,1982 |
| 227页;19cm |
| ISBN :CNY0.77 |
| ● |
| 相关链接 |
|
|
|
|
正题名:作物胚胎学
索取号:Q944.4/18
 
预约/预借
| 序号 | 登录号 | 条形码 | 馆藏地/架位号 | 状态 | 备注 |
| 1 | 0168673 | 000704474 | 第三借阅区/ [索取号:Q944.4/18] | 在馆 | |
| 2 | 0168674 | 000704376 | 第二样本阅览室/ [索取号:Q944.4/18] | 在馆 |